Bienestar y derechos sociales de la infancia / (Registro nro. 8723)

Detalles MARC
000 -LIDER
fixed length control field 01142nam a22002897a 4500
001 - NÚMERO DE CONTROL
Identificador de número de control 33637
003 - IDENTIFICACDOR DE NÚMERO DE CONTROL
control field DO-SdBNP
005 - DATE AND TIME OF LATEST TRANSACTION
control field 20230329131040.0
007 - CAMPOS FIJOS DE DESCRIPCIÓN FÍSICA
fixed length control field 33637
008 - ELEMENTOS DE LONGITUD FIJA
fixed length control field 920227s1989 sp | |||| ||spa
020 ## - ISBN
International Standard Book Number 8478500162
040 ## - FUENTE DE CATALOGACIÓN
Agencia que crea de manera original el registro BPMSU
Idioma de catalogación spa
Agencia que realiza la transcripción BPMSU
082 #4 - NÚMERO DE CLASIFICACIÓN DECIMAL DE DEWEY
Classification number 323.352
Item number C749b 1989
Edition number 22
111 2# - ASIENTO PRINCIPAL--NOMBRE DE REUNIÓN O CONFERENCIA
Nombre de reunión o jurisdicción como elemento de entrada Congreso Internacional Infancia y Sociedad
Número de la parte, sección o reunión (1:
Fecha de la reunión 1989 : 20-23 noviembre
Lugar de la reunión Madrid )
245 10 - MENCIÓN DE TITULO
Título Bienestar y derechos sociales de la infancia /
Mención de responsabilidad edición coordinada y revisada por José Sánchez Cervantes
Subtítulo
260 ## - PUBLICACIÓN, DISTRIBUCIÓN, ETC. (PIE DE IMPRENTA)
Lugar de publicación, distribución, etc Madrid :
Nombre del editor, distribuidor, etc. Dirección General de Protección Jurídica del Menor,
Fecha de publicación, distribución, etc 1991.
300 ## - DESCRIPCIÓN FÍSICA
Extensión 3 v.
Dimensiones 26 cm
504 ## - NOTA DE BIBLIOGRAFÍA, ETC.
Bibliography, etc Bibliografía
505 0# - NOTA DE CONTENIDO
Información miscelánea v. 1 :
-- v. 2-3 :
Título Conferencias plenarias
Información miscelánea v. 2-3 :
Título Ponencias y comunicaciones área 5 -8
590 ## - NOTA LOCAL
Enlace Inventariado, 2023/VM
650 #4 - ENCABEZAMIENTO DE MATERIA--TEMÁTICO
Término temático o nombre geográfico como elemento de entrada Niños
Subdivisión temática general Derechos
Subdivisión de forma Congresos, conferencias, etc.
650 #4 - ENCABEZAMIENTO DE MATERIA--TEMÁTICO
Término temático o nombre geográfico como elemento de entrada Protección de menores
Subdivisión de forma Congresos, conferencias, etc.
700 1# - ASIENTO SECUNDARIO -- NOMBRE PERSONAL
Nombre personal Sánchez Cervantes, José
Mención de responsabilidad ed.
710 2# - ASIENTO SECUNDARIO -- NOMBRE CORPORATIVO
Nombre corporativo o de jurisdicción Dirección General de Protección Jurídica del Menor
910 ## - VALIDACIÓN
Validación VMateo V. Control de calidad (BPMSU)
942 ## - ADDED ENTRY ELEMENTS (KOHA)
Source of classification or shelving scheme Dewey Decimal Classification
Koha item type Libros
Existencias
Withdrawn status Lost status Source of classification or shelving scheme Damaged status Not for loan Collection code Home library Current library Date acquired Source of acquisition Full call number Barcode Date last seen Copy number Price effective from Koha item type
    Dewey Decimal Classification     Colección General Biblioteca Pública Metropolitana Salomé Ureña Biblioteca Pública Metropolitana Salomé Ureña 11/16/2015 FUNDI BPMSU CG 323.352 C749b 1989 BPMSU15110279 11/16/2015 v.1 11/16/2015 Libros
    Dewey Decimal Classification     Colección General Biblioteca Pública Metropolitana Salomé Ureña Biblioteca Pública Metropolitana Salomé Ureña 11/16/2015 FUNDI BPMSU CG 323.352 C749b 1989 BPMSU15110280 11/16/2015 v.2 11/16/2015 Libros
    Dewey Decimal Classification     Colección General Biblioteca Pública Metropolitana Salomé Ureña Biblioteca Pública Metropolitana Salomé Ureña 11/16/2015 FUNDI BPMSU CG 323.352 C749b 1989 BPMSU15110281 11/16/2015 v.3 11/16/2015 Libros